Central Library and Information Centre
Sibsagar Girls' College, Sivasagar : Assam

BURANJIYE POROKHA RANGPUR (Record no. 9407)

MARC details
000 -LEADER
fixed length control field 00411cam a2200169ua 4500
008 - FIXED-LENGTH DATA ELEMENTS--GENERAL INFORMATION
fixed length control field 140226n II |||gr||||Z||||||eng
040 ## - CATALOGING SOURCE
Original cataloging agency MAIN
041 ## - LANGUAGE CODE
-- English
082 ## - DEWEY DECIMAL CLASSIFICATION NUMBER
Classification number 954.162 BAR
082 ## - DEWEY DECIMAL CLASSIFICATION NUMBER
Classification number 900 BAR
100 ## - MAIN ENTRY--PERSONAL NAME
Personal name BARUA, SONARAM.
245 ## - TITLE STATEMENT
Title BURANJIYE POROKHA RANGPUR
260 ## - PUBLICATION, DISTRIBUTION, ETC.
Place of publication, distribution, etc. [s.l]:
Name of publisher, distributor, etc. RONGPUR TRI CENTURI CELEBRATION,
Date of publication, distribution, etc. 2000.
942 ## - ADDED ENTRY ELEMENTS (KOHA)
Koha item type Books
653 ## - INDEX TERM--UNCONTROLLED
Uncontrolled term History & geography
Holdings
Withdrawn status Lost status Damaged status Not for loan Collection code Home library Current library Shelving location Date acquired Full call number Barcode Date last seen Copy number Price effective from Koha item type Public note
        TBHIS Central Library and Information Centre Sibsagar Girls College Central Library and Information Centre Sibsagar Girls College History Rack 21.07.2000 954.162 BAR 16264 27.02.2020 1 27.02.2020 Books  
        REFHIS Central Library and Information Centre Sibsagar Girls College Central Library and Information Centre Sibsagar Girls College HISTORY REFERENCE RACK 21.07.2000 900 BAR 16265 27.02.2020 2 27.02.2020 Books V


Sibsagar Girl's College © 2020. All rights reserved.
Powered by Koha.
Maintained by Abhijit Borpuzari.